000 00804nam a22002777a 4500
003 CHAP
005 20220329140954.0
008 971013s1982 r 00010 d
010 _a60708
011 _a61680
035 _a65848
040 _cCHAP
082 _a330
_bC4Y
100 0 0 _aChacholiades, Miltiades.
_921687
245 _aEconomía internacional
260 _aMéxico, D. F. :
_bMcGraw-Hill,
_c1982
300 _a677 p.
_b: gráfs.
590 _aBATCH-UPD
_b10
_c20130110
_lUCH01
_h0601
590 _aBATCH-UPD
_b10
_c20130410
_lUCH01
_h0243
590 _aBATCH-UPD
_b10
_c20130914
_lUCH01
_h0917
590 _aCONVERSION
_b10
_c20130109
_lUCH01
_h1333
650 1 4 _aEconomía.
_935226
901 _aBK
942 _cLIBRO
949 _a330 C4Y
_bBC
_cLIBRO
_d33724000311114
_eLIBRO
_h60013
_i65848
_si
999 _c60708
_d60708